El interior de Africa (Record no. 157814)
[ view plain ]
| 000 -LEADER | |
|---|---|
| campo de control de longitud fija | 00785nam a22001815i 4500 |
| 001 - NÚMERO DE CONTROL | |
| campo de control | 157814 |
| 003 - IDENTIFICADOR DE NÚMERO DE CONTROL | |
| campo de control | ES-MaACL |
| 005 - FECHA Y HORA DE LA ÚLTIMA TRANSACCIÓN | |
| campo de control | 20230906210846.0 |
| 008 - DATOS DE LONGITUD FIJA--INFORMACIÓN GENERAL | |
| campo de control de longitud fija | 040818s1875 sp a |||| | spa d |
| 040 ## - FUENTE DE CATALOGACIÓN | |
| Centro catalogador/agencia de origen | CAM |
| Lengua de catalogación | spa |
| Centro/agencia transcriptor | CAM |
| 100 1# - ENTRADA PRINCIPAL--NOMBRE DE PERSONA | |
| Nombre de persona | Livingstone, David ( |
| Fechas asociadas al nombre | 1813-1873) |
| 9 (RLIN) | 128982 |
| 245 13 - MENCIÓN DEL TÍTULO | |
| Título | El interior de Africa |
| Resto del título | : viages del doctor David Lingstone en el Africa Austral y valle del Zambese de 1840 á 1864. |
| 260 ## - PUBLICACIÓN, DISTRIBUCIÓN, ETC. | |
| Lugar de publicación, distribución, etc. | Valencia : |
| Nombre del editor, distribuidor, etc. | [s.n.], |
| Fecha de publicación, distribución, etc. | 1875 ( |
| Fabricante | Imprenta de José Domenech) |
| 300 ## - DESCRIPCIÓN FÍSICA | |
| Extensión | 265 p., [1] h. pleg. de mapa ; |
| Dimensiones | 22 cm. |
| 599 ## - NOTA A LAS ILUSTRACIONES | |
| NOTA A LAS ILUSTRACIONES | La h. pleg. de mapa: "Lit. Pablo, P. Miquelette, 8 Valª" |
| 651 #4 - PUNTO DE ACCESO ADICIONAL DE MATERIA--NOMBRE GEOGRÁFICO | |
| Nombre geográfico | África- |
| Subdivisión general | Descubrimientos y exploraciones. |
| 9 (RLIN) | 137014 |
| 852 ## - LOCALIZACIÓN | |
| Ubicación | ES-MaACL |
| Número de control de estantería | B-3527 |
| Nota libre | -- Rust. deteriorada falto de la cub. posterior |
| -- | -- Legado M. de la Fuente |
| Estatus retirado | Estado de pérdida | Estado de daño | No para préstamo | Colección | Biblioteca de origen | Biblioteca actual | Ubicación en estantería | Fecha de adquisición | Fuente de adquisición | Total de préstamos | Signatura topográfica completa | Código de barras | Visto por última vez | Precio de reemplazo | Tipo de ítem Koha |
|---|---|---|---|---|---|---|---|---|---|---|---|---|---|---|---|
| Libros del s. XIX | Biblioteca del Ateneo de Madrid | Biblioteca del Ateneo de Madrid | Sala Pardo Bazán | 17/01/2008 | B-3527 | 1165156 | 23/02/2023 | 23/02/2023 | Libro impreso antiguo |
